000
00289nam a2200097Ia 4500
008
220204s9999 xx 000 0 und d
082
_a
001.396527778
_b
NAT
245
0
_a
National accounts statistics of India 1950-51 to 1994-95
260
_a
Mumbai
_b
EPW Research Foundation
_c
1996
942
_c
BK
999
_c
41082
_d
41082